European Drug Report 2020 Trends and Developments

Salvato in:
Dettagli Bibliografici
Ente Autore: European Monitoring Centre for Drugs and Drug Addiction
Natura: Libro
Lingua:inglese
Pubblicazione: Luxembourg Publications Office of the European Union 2020
Soggetti:
Tags: Aggiungi Tag
Nessun Tag, puoi essere il primo ad aggiungerne!!

MARC

LEADER 00000nam a2200000 4500
001 0276411
005 20240718092607.7
020 |a 978-92-9497-545-4 
041 0 |a eng 
044 |a LU 
245 1 0 |a European Drug Report 2020  |b Trends and Developments 
264 1 |a Luxembourg  |b Publications Office of the European Union  |c 2020 
300 |a 83 s. 
610 2 0 |a drogy 
610 2 0 |a chémia 
610 2 0 |a dôsledky sociálne 
610 2 0 |a chorobnosť 
610 2 0 |a opatrenia 
610 2 0 |a analýzy 
610 2 0 |a vývoj 
610 2 0 |a porovnanie medzinárodné 
610 2 0 |a Európska únia 
710 2 |a European Monitoring Centre for Drugs and Drug Addiction